Ej, padá, padá rosička

Bibliographic Details
Format: Article
Language:Slovak
ISBN:8096809016
Subjects:

MARC

LEADER 00000nab a2200000 a 4500
001 vtls000701686
003 SK-MaSNL
005 20260302195404.0
008 160414s1998 xo 0 slo
015 |a SNBRH1998/04-01496 
035 |a CLN000053853 
040 |a SNKBUCL  |b slo  |c SNKBUCL  |e AACR2 
041 0 |a slo 
044 |a xo  |c SK 
080 |a 784.4.087.67  |2 1997 
245 0 0 |a Ej, padá, padá rosička  |h hudobnina 
650 0 7 |a vokálna tvorba  |x piesne ľudové upravené  |x spev  |2 snkbucl  |9 634288 
650 0 7 |a piesne ľudové upravené  |x spev  |2 snkbucl  |9 634289 
773 0 |w SK01SNK19990305489  |z 8096809016  |t Slovenské pesničky pre naše detičky  |d Košice : IDEA, 1998  |g S. 3 
850 |a Slovenská národná knižnica v Martine 
852 |a SNK  |b KIS3GCP 
924 |a spev 
958 |a TL 
958 |a RZH 
999 |c 1452439  |d 1454369